000 00495nam a2200205Ia 4500
005 20250217060103.0
008 240331s9999 xx 000 0 und d
020 _a014040029X
082 _bWOL
_2319
_a305.4
100 _aWollstonecraft, M
245 0 _aVindication of the Rights of Woman
260 _aMiddlesex
_bPelican Books
_c1975
300 _a319 p.,
650 _aWomen
650 _aWomen's Rights
650 _aMorality
650 _aSociety
650 _aEconomic
942 _cL
999 _c1726
_d1726